Basic Ophthalmology (Record no. 5350)

MARC details
000 -LEADER
fixed length control field 00547nam a22002057a 4500
003 - CONTROL NUMBER IDENTIFIER
control field OSt
005 - DATE AND TIME OF LATEST TRANSACTION
control field 20161013184250.0
008 - FIXED-LENGTH DATA ELEMENTS--GENERAL INFORMATION
fixed length control field 161013b xxu||||| |||| 00| 0 eng d
020 ## - INTERNATIONAL STANDARD BOOK NUMBER
International Standard Book Number 9781615251230
040 ## - CATALOGING SOURCE
Transcribing agency DMLN
082 ## - DEWEY DECIMAL CLASSIFICATION NUMBER
Classification number WW141 B373r 2010
100 ## - MAIN ENTRY--PERSONAL NAME
Relator code Edited by Richard A. Harper
245 ## - TITLE STATEMENT
Title Basic Ophthalmology
250 ## - EDITION STATEMENT
Edition statement 9th ed.
260 ## - PUBLICATION, DISTRIBUTION, ETC. (IMPRINT)
Place of publication, distribution, etc. San Francisco; American of Ophthalmology, 2010
300 ## - PHYSICAL DESCRIPTION
Extent xix,219p; col.ill: 24cm
504 ## - BIBLIOGRAPHY, ETC. NOTE
Bibliography, etc References, & index included
650 ## - SUBJECT ADDED ENTRY--TOPICAL TERM
Topical term or geographic name as entry element Ophthalmology
9 (RLIN) 338
942 ## - ADDED ENTRY ELEMENTS (KOHA)
Source of classification or shelving scheme Other/Generic Classification Scheme
Koha item type Short Loan
Holdings
Withdrawn status Lost status Source of classification or shelving scheme Damaged status Not for loan Home library Current library Date acquired Source of acquisition Inventory number Total Checkouts Full call number Barcode Date last seen Koha item type
    Other/Generic Classification Scheme     MUST Main Library MUST Main Library 13/10/2016   16/40055   WW141 B373r 2010 2016-4783 13/10/2016 Short Loan
    Other/Generic Classification Scheme     MUST Main Library MUST Main Library 07/03/2023 Purchase 21/41648   WW141 B373r 2010 2023-0289 07/03/2023 Open Shelf